000 01038nam a2200241 i 4500
001 76752
003 ES-MaACL
005 20251005063054.0
007 t|
008 041005s1915 sp |||| | spa d
100 1 _aGuichot y Sierra, Alejandro,
_d1859-1941
_960652
245 1 0 _aNotas acerca del cultivo de las artes y de las ciencias y especialmente de la filosofía en Sevilla
_b: conferencia de Don Alejandro Guichot en el Ateneo, el día 6 de marzo de 1915.
260 _aSevilla :
_b[s.n.],
_c1915 (
_fImp. Arévalo)
300 _a26 p. ;
_c20 cm.
530 _aDisponible en formato digital.
650 7 _aFilosofía-
_zEspaña-
_yS.XX
_2
_9143004
710 2 _aAteneo de Sevilla.
_92028
852 _aES-MaACL
_jT-1464-F-9
_cDEPOF
_zRevisado enlace: 26 Marzo de 2025
_9 79630
852 _aES-MaACL
_j1492-F-13
_979629
_cDEPOF
_zRevisado enlace: 26 Marzo de 2025
856 _uhttp://mdc.csuc.cat/cdm/ref/collection/fulletsAB/id/25232#dcId=1553793637853&p=1
_yAteneu Barcelonès
942 _2udc
999 _c76752
_d76752